000240215 001__ 240215
000240215 005__ 20210922173113.0
000240215 0247_ $$2BMBF$$aG:(BMBF)01IS18047A$$d01IS18047A
000240215 0247_ $$2Dimensions$$aG:(Dimensions)grant.7949663$$dgrant.7949663
000240215 035__ $$aG:(BMBF)01IS18047A
000240215 150__ $$aVerbundprojekt DeepRain: Effiziente Lokale Niederschlagsvorhersage durch Maschinelles Lernen$$y2018-10-01 - 2022-03-31
000240215 5101_ $$0I:(DE-588b)5309538-8 $$aFederal Ministry of Education and Research$$bBMBF
000240215 909CO $$ooai:juser.fz-juelich.de:896070$$pauthority$$pauthority:GRANT
000240215 909CO $$ooai:juser.fz-juelich.de:896070
000240215 980__ $$aG
000240215 980__ $$aAUTHORITY